Statistics for Rain World - All Items

Click here to take the quiz!

General Stats

  • This quiz has been taken 46 times
    (45 since last reset)
  • The average score is 21 of 38

Answer Stats

Answer% Correct
Blue Fruit
97%
Spear
97%
Explosive Spear
93%
Grenade
93%
Pearl
86%
Rubbish
86%
Electric Spear
79%
Lantern
76%
Singularity Bomb
76%
Bubble Fruit
72%
Flashbang
69%
Vulture Mask
66%
Spore Puff
62%
Flaming Spear
59%
Karma Flower
59%
Bubble Weed
52%
Gooieduck
52%
King Vulture Mask
52%
Neuron Fly
52%
Popcorn Plant
52%
Slime Mold
52%
Batnip
48%
Cherrybomb
48%
Fire Egg
48%
Mushroom
48%
Rarefaction Cell
45%
Beehive
41%
Glow Weed
41%
Jellyfish
41%
Lilypuck
41%
Overseer Eye
38%
Elite Scavenger Mask
31%
Noodlefly Egg
28%
Dandelion Peach
24%
Seed
24%
Joke Rifle
21%
Cloak
17%
Inspector Eye
17%

Score Distribution

Percentile by Number Answered

Percent of People with Each Score

Your Score History

You have not taken this quiz since the last reset